000 00298nam a22001457a 4500
008 210512b ||||| |||| 00| 0 eng d
020 _a0875870732
041 _aeng
080 _a7
082 _a7
100 _a44
101 _aART
245 _aWomen Artist
_cAnn S. Harris
942 _2udc
_cBK
999 _c57287
_d57287